Zváranie preplátovaných spojov meď - nehrdzavejúca oceľ laserovým lúčom

Saved in:
Bibliographic Details
Main Author: Neštický, Jakub (Author)
Other Authors: Kovačócy, Pavel (Thesis advisor)
Format: Manuscript Book
Language:Slovak
Published: 2020
Subjects:
Online Access:http://is.stuba.sk/zp/portal_zp.pl?podrobnosti=154398
Tags: Add Tag
No Tags, Be the first to tag this record!

MARC

LEADER 00000ntm a22000003a 4500
001 stuzp78257
003 SK-STU
005 20200704211834.3
007 ta
008 150427s2015----xo-----f-mn---000-0-slo-d
040 |a STU  |b slo 
041 0 |a slo 
100 1 |a Neštický, Jakub  |u 063000  |k Z4  |4 aut  |U MTF Materiálovotechnologická fakulta  |T MTF Ústav výrobných technológií  |X 65565  |U M3000  |Y 83  |7 65565 
242 0 1 |a Laser beam welding of copper - stainless steel lap joints  |y eng 
245 1 0 |a Zváranie preplátovaných spojov meď - nehrdzavejúca oceľ laserovým lúčom 
260 |c 2020 
650 4 |a austenitcká oceľ  |2 slo 
650 4 |a AISI 304  |2 slo 
650 4 |a meď  |2 slo 
650 4 |a zváranie laserovým lúčom  |2 slo 
650 4 |a laser  |2 slo 
650 4 |a Cu ETP  |2 slo 
650 4 |a preplátovaný spoj  |2 slo 
650 4 |a copper  |2 eng 
650 4 |a laser beam welding  |2 eng 
650 4 |a austenitic stainless steel  |2 eng 
650 4 |a AISI 304  |2 eng 
650 4 |a Cu ETP  |2 eng 
650 4 |a lap joint    |2 eng 
700 1 |a Kovačócy, Pavel  |u 063100  |k Z1  |4 ths  |U MTF Ústav výrobných technológií  |T MTF Katedra zvárania a spájania materiálov  |X 4171  |U M3100  |Y 162  |7 A000004171 
856 4 |u http://is.stuba.sk/zp/portal_zp.pl?podrobnosti=154398 
996 |c M* DP-14358  |l MMSKP  |s P  |a 0  |w stuzp78257_0001